000 00401nam a2200169Ia 4500
005 20250423095325.0
008 250422s9999 xx 000 0 und d
020 _a0-618-11843-8
050 _aQD 45.W/
100 _aR.A.D. Wentworth
245 0 _aExperiments in general chemistry
250 _a6th ed.
260 _bHoughton Mifflin company
260 _c2002
300 _a481 p
942 _cBK
999 _c29926
_d29926